000 00743nam a2200217Ia 4500
003 GCL
008 140319s9999 xx 000 0 ara d
040 _aGCL /
_cGCL
082 0 4 _a956.902
_bع ا
100 1 _aعثمان مصطفى الطباع
245 1 0 _aاتحاف الاعزة فى تاريخ غزة /
_cعثمان مصطفى الطباع
700 1 _aعبداللطيف زكى ابوهاشم
250 _aالاولى
260 _a[S.N] :
_bمكتبة اليازجى ،
_c1999
300 _a4 مج ؛
_c24 سم
490 _a
650 0 4 _aفلسطين - تاريخ
650 0 4 _aغزة - تاريخ
650 0 4 _aفلسطين - تاريخ - العصر الحديث - الاحتلال الصهيونى
942 _2ddc
_cBK
999 _c53695
_d53695